| 000 | 00896nas a2200277 4500 | ||
|---|---|---|---|
| 001 | BR9505356 | ||
| 003 | BR-BrBNA | ||
| 005 | 20231205094428.0 | ||
| 007 | ta | ||
| 008 | 230509b bl.|||p| |||| 00| 00por d | ||
| 040 |
_aBR-BrBNA _bpor _cBiblioteca Nacional de Agricultura |
||
| 041 | _a(Pt) | ||
| 072 | _aF04 | ||
| 100 | 1 | _aTucci, C.A.F. | |
| 100 | 1 | _aMachado, G.M.E. | |
| 100 | 1 | _aDias Filho, J.P. | |
| 245 | 1 | _aEfeito da calagem e da adubacao fosfatada no desenvolvimento do milho (Zea moys 2.)em latossolo amarelo da Amazonia | |
| 650 | _aMilho | ||
| 650 | _aFertilizante Fosfatado | ||
| 650 | _aCalagem | ||
| 650 | _aLatossolo Amarelo | ||
| 650 | _aAmazonia | ||
| 773 | 0 |
_tRevista da Universidade do Amazonas. Serie: Ciencias Agrarias (Brazil) _xISSN 0103-7463 _g(Jul-Dec 1992), v. 1(2) p. 41-48 _wBR9505356 |
|
| 909 |
_a202311 _bLúcia _c55 _dLúcia Elande |
||
| 942 |
_2AGRIS _n0 _cANA |
||
| 999 |
_c144249 _d144249 |
||